關於失智, 醫生希望你現在知道的事 : (Record no. 7684)

MARC details
000 -LEADER
fixed length control field 01567cam a2200385 4500
001 - CONTROL NUMBER
control field 2548235
003 - CONTROL NUMBER IDENTIFIER
control field YEEZEN
005 - DATE AND TIME OF LATEST TRANSACTION
control field 20260112134526.0
008 - FIXED-LENGTH DATA ELEMENTS--GENERAL INFORMATION
fixed length control field 251212s2025 ch d e 000 0 chi d
020 ## - INTERNATIONAL STANDARD BOOK NUMBER
International Standard Book Number 9786267762066
Qualifying information (平裝) :
Terms of availability 新臺幣420元
040 ## - CATALOGING SOURCE
Original cataloging agency SAN
Language of cataloging chi
Transcribing agency 桃市圖
Description conventions CCR
041 1# - LANGUAGE CODE
Language code of text/sound track or separate title chi
Language code of original eng
042 ## - AUTHENTICATION CODE
Authentication code nbic
084 ## - OTHER CLASSIFICATION NUMBER
Classification number 415.934
Number source ncsclt
090 ## - LOCALLY ASSIGNED LC-TYPE CALL NUMBER (OCLC); LOCAL CALL NUMBER (RLIN)
Classification number (OCLC) (R) ; Classification number, CALL (RLIN) (NR) 415.934
100 1# - MAIN ENTRY--PERSONAL NAME
Personal name 皮卡佛
Titles and words associated with a name (Piccaver, Matt)
Relator term
240 10 - UNIFORM TITLE
Uniform title Dementia.
Language of a work 中文
245 10 - TITLE STATEMENT
Title 關於失智, 醫生希望你現在知道的事 :
Remainder of title 診斷依據?能治療嗎?怎麼照護?簽法律文件有效力嗎……英國權威家庭醫生的第一手研究報告。 /
Statement of responsibility, etc. 麥特.皮卡佛(Matt Piccaver)著 ; 謝慈譯
246 1# - VARYING FORM OF TITLE
Display text 原文副題名 :
Title proper/short title everything your doctor doesn't have time to tell you.
246 10 - VARYING FORM OF TITLE
Title proper/short title 診斷依據?能治療嗎?怎麼照護?簽法律文件有效力嗎……英國權威家庭醫生的第一手研究報告。
246 13 - VARYING FORM OF TITLE
Title proper/short title 關於失智, 醫生忙到沒告訴你的事
250 ## - EDITION STATEMENT
Edition statement 二版
260 ## - PUBLICATION, DISTRIBUTION, ETC.
Place of publication, distribution, etc. 臺北市 :
Name of publisher, distributor, etc. 大是文化,
Date of publication, distribution, etc. 2025.09
300 ## - PHYSICAL DESCRIPTION
Extent 232面 :
Other physical details 表格 ;
Dimensions 21公分
490 1# - SERIES STATEMENT
Series statement Easy ;
Volume/sequential designation 138.
500 ## - GENERAL NOTE
General note 原書名: 關於失智, 醫生忙到沒告訴你的事
500 ## - GENERAL NOTE
General note 附錄: 那些你可以提早準備的事等6種
500 ## - GENERAL NOTE
General note 譯自: Dementia : everything your doctor doesn't have time to tell you.
650 #7 - SUBJECT ADDED ENTRY--TOPICAL TERM
Topical term or geographic name entry element 失智症
Source of heading or term lcstt.
650 #7 - SUBJECT ADDED ENTRY--TOPICAL TERM
Topical term or geographic name entry element 阿茲海默氏症
Source of heading or term lcstt.
650 #7 - SUBJECT ADDED ENTRY--TOPICAL TERM
Topical term or geographic name entry element 健康照護
Source of heading or term lcstt.
700 1# - ADDED ENTRY--PERSONAL NAME
Personal name 謝慈
Relator term
830 #0 - SERIES ADDED ENTRY--UNIFORM TITLE
Uniform title Easy ;
Volume/sequential designation 138.
942 ## - ADDED ENTRY ELEMENTS (KOHA)
Source of classification or shelving scheme 中文圖書分類法
Koha item type 一般圖書
Holdings
撤銷狀態 遺失狀態 分類號來源 損壞狀態 不外借 永久館藏地 現在館藏地 書架位置 採購日期 全部借出 全部續借 完整索書號 條碼號 最後一次日期記錄 Date last checked out 一般價格有效日期 Koha館藏類型 公開資訊
未註銷館藏 未遺失 中文圖書分類法 未損毀 可外借 怡仁綜合醫院圖書館 怡仁綜合醫院圖書館   2026-01-12 2 1 415.934 C03270 2026-03-05 2026-02-23 2026-01-12 一般圖書 ◎阿茲海默症、帕金森氏失智症……失智症居然分這麼多種,怎麼分辨? ◎親人多半會比患者早發現,特別是女兒。 ◎失智的人可以開車嗎?他們簽的法律文件有效嗎? ◎我退休後想搬到鄉下住?醫生會告訴你:最好不要。
怡仁醫院| 地址:32643桃園市楊梅區楊新北路321巷30號 | 服務專線:03-4855566 | 電子郵件信箱:
Copyright © 1996 CHC Hospital